O Leãozinho - Statistics

Estatísticas Gerais
  • Esse quiz foi jogado 17 vezes
  • A pontuação média é 57 de 98
Estatísticas das Respostas
% Correto
leão
100%
a
92%
leãozinho
92%
Leãozinho
92%
Leãozinho
92%
leãozinho
92%
leãozinho
92%
é
85%
e
85%
Caminhando
77%
de
77%
de
77%
de
77%
de
77%
de
77%
De
77%
de
77%
De
77%
De
77%
de
77%
Gosto
77%
Gosto
77%
Gosto
77%
Gosto
77%
muito
77%
muito
77%
o
77%
O
77%
O
77%
o
77%
77%
sol
77%
Sol
77%
Sol
77%
Sol
77%
te
77%
te
77%
te
77%
você
77%
você
77%
você
77%
sob
69%
cor
62%
da
62%
juba
62%
juba
62%
luz
62%
manhã
62%
mar
62%
mar
62%
meu
62%
meu
62%
meu
62%
ver
62%
ver
62%
ver
62%
coração
54%
coração
54%
filhote
54%
no
54%
no
54%
no
54%
como
46%
pai
46%
Para
46%
pele
46%
pele
46%
raio
46%
Um
46%
um
46%
ele
38%
Quando
38%
tão
38%
toda
38%
caminho
31%
doura
31%
encontrar
31%
eu
31%
ímã
31%
olhar
31%
Tua
31%
tua
31%
tua
31%
ao
23%
ao
23%
ao
23%
Basta
23%
entrar
23%
entrar
23%
estar
23%
léu
23%
lhe
23%
minha
23%
perto
23%
Arrastando
15%
desentristecer
15%
ficar
15%
molhar
15%
Nenhum quiz correspondente encontrado
Distribuição das Pontuações
Porcentagem de Pessoas com Cada Pontuação
Percentil de Números Respondidos
Sua Pontuação Histórica
Você não jogou esse quiz